Great Explorers - Statistics

General Stats
  • This quiz has been taken 44 times
    32 since last reset
  • The average score is 19 of 33
Answer Stats
Hint Answer % Correct
The explorer after whom America was named Amerigo Vespucci
95%
Discovered America in 1492 Christopher Columbus
90%
Travelled the Silk Road, around Asia and visited China Marco Polo
81%
One of first two people to ever reach Mount Everest Edmund Hillary
76%
Norse explorer who founded the first settlement in Greenland Erik the Red
76%
Explored much of the Pacific including New Zealand, Australia and Hawaii James Cook
76%
First explorer to reach the geographic South Pole Roald Amundsen
76%
First European to reach New Zealand Abel Tasman
71%
Defeated the Aztec Empire and took Mexico in the name of Spain Hernan Cortes
71%
Probably the most famous undersea explorer in recent history Jacques Cousteau
71%
French explorer whose expedition vanished in Oceania Jean François La Pérouse
71%
Explored the Siberian far east and Alaska and claimed it for Russia Vitus Bering
71%
First person to have circumnavigated the globe Ferdinand Magellan
67%
Conquered the Incas in 1532 Francisco Pizarro
67%
Discovered a sea route to India Vasco da Gama
67%
First European to discover Victoria Falls David Livingstone
62%
Carried out the second circumnavigation of the world, between 1577 to 1580 Francis Drake
62%
Berber explorer of Africa, Europe, the Middle East and India for 30 years Ibn Battuta
62%
Explored and claimed what is now Canada for France Jacques Cartier
62%
Norse explorer who was the first European to land in North America Leif Ericson
62%
First person to conquest the North Pole Robert Peary
57%
Crossed the Pacific Ocean in a hand built raft the Kon-Tiki Thor Heyerdahl
57%
One of two Americans who led first expedition to cross the western portion of the USA William Clark
57%
First European to sail around the Cape of Good Hope Bartolomeu Dias
48%
Founded the first European settlement in Puerto Rico Juan Ponce de León
48%
Led the infamous Trans-Antarctic Expedition in 1914 Ernest Shackleton
43%
Known for his search for the source of the Nile Henry Stanley
38%
First circumnavigation of the globe in a single expedition after its captain was killed Juan S. Elcano
29%
American journalist who travelled around the world in 72 days Nellie Bly
29%
Reached Timbuktu in the early 19th century Gordon Laing
24%
Led the lost expedition to the Arctic departing in 1845 John Franklin
24%
Considered the first European to land in North America since the Vikings John Cabot
19%
Made two trips to search for "El Dorado" Sir Walter Raleigh
14%
No matching quizzes found
Score Distribution
Percent of People with Each Score
Percentile by Number Answered
Your Score History
You have not taken this quiz since the last reset